The noble scholar, jurist, historian


 His Excellency Dr. Abdul Wahhab bin Ibrahim Abu Sulaiman, may Allah have mercy on him.


 He was born in Umm Al-Qura in the year 1356 AH.

صحيح مسلم / (Record no. 5121)

MARC details
000 -LEADER
fixed length control field 01767cam a22003371i 4500
003 - CONTROL NUMBER IDENTIFIER
control field SA-RiAUC
005 - DATE AND TIME OF LATEST TRANSACTION
control field 20250224083111.0
008 - FIXED-LENGTH DATA ELEMENTS--GENERAL INFORMATION
fixed length control field 250122s2008 le g 000 0 ara c
020 ## - INTERNATIONAL STANDARD BOOK NUMBER
International Standard Book Number 9782745110268
040 ## - CATALOGING SOURCE
Original cataloging agency SA-JeALM
Description conventions rda
Language of cataloging ara
050 #4 - LIBRARY OF CONGRESS CALL NUMBER
Item number M87 2008
082 04 - DEWEY DECIMAL CLASSIFICATION NUMBER
Classification number 235.2
090 ## - LOCALLY ASSIGNED LC-TYPE CALL NUMBER (OCLC); LOCAL CALL NUMBER (RLIN)
Classification number (OCLC) (R) ; Classification number, CALL (RLIN) (NR) 235.2
Local cutter number (OCLC) ; Book number/undivided call number, CALL (RLIN) م س ل
100 0# - MAIN ENTRY--PERSONAL NAME
Personal name مسلم بن الحجاج بن مسلم بن ورد بن كوشان القشيري النيسابوري .
Dates associated with a name توفي 261 هجري
Relator term مؤلف.
245 10 - TITLE STATEMENT
Title صحيح مسلم /
Remainder of title مع شرحه المسمى اكمال اكمال المعلم للامام محمد بن خلفه الوشتاني . وشرحه المسمى مكمل اكمال الاكمال للامام محمد بن محمد بن يوسف السنوسي
Statement of responsibility, etc. أبو الحسين مسلم بن الحجاج القشيري النيسابوري.
246 ## - VARYING FORM OF TITLE
Title proper/short title اكمال اكمال المعلم
246 ## - VARYING FORM OF TITLE
Title proper/short title مكمل اكمال الاكمال
264 #1 - PRODUCTION, PUBLICATION, DISTRIBUTION, MANUFACTURE, AND COPYRIGHT NOTICE
Place of production, publication, distribution, manufacture بيروت :
Name of producer, publisher, distributor, manufacturer دار الكتب العلمية،
Date of production, publication, distribution, manufacture, or copyright notice بين [1900 و 1999]
300 ## - PHYSICAL DESCRIPTION
Extent مجلد ؛
Dimensions 28 سم
336 ## - CONTENT TYPE
Content type term نص
Content type code txt
Source rdacontent
Materials specified كتاب
337 ## - MEDIA TYPE
Media type term بدون وسيط
Media type code n
Source rdamedia
338 ## - CARRIER TYPE
Carrier type term مجلد
Carrier type code nc
Source rdacarrier
500 ## - GENERAL NOTE
General note اهداء من الدكتور فؤاد عبدالمنعم في صفر 1411 هـ
650 #7 - SUBJECT ADDED ENTRY--TOPICAL TERM
Topical term or geographic name entry element صحيح مسلم
Source of heading or term aucsh
650 #7 - SUBJECT ADDED ENTRY--TOPICAL TERM
Topical term or geographic name entry element الحديث
General subdivision الكتب الستة
Source of heading or term aucsh
650 #7 - SUBJECT ADDED ENTRY--TOPICAL TERM
Topical term or geographic name entry element الحديث
General subdivision الإسناد الصحيح
Source of heading or term aucsh
700 ## - ADDED ENTRY--PERSONAL NAME
Personal name المالكي، محمد بن خلفة الوشتاني الابي
Dates associated with a name توفى 827 او سنة 828 هـ
700 ## - ADDED ENTRY--PERSONAL NAME
Personal name الحسيني، محمد بن محمد بن يوسف السنوسي
Dates associated with a name توفى سنة 895 هـ
942 ## - ADDED ENTRY ELEMENTS (KOHA)
Source of classification or shelving scheme Dewey Decimal Classification
Koha item type Books
Suppress in OPAC No
949 ## - LOCAL PROCESSING INFORMATION (OCLC)
a SA-JeALM
d 250122
u osman123
n 1
Holdings
Withdrawn status Lost status Source of classification or shelving scheme Materials specified (bound volume or other part) Damaged status Not for loan Home library Current library Date acquired Total checkouts Full call number Barcode Date last seen Price effective from Koha item type
    Dewey Decimal Classification المجلد الاول     DR AbdElwahab Library DR AbdElwahab Library 01/22/2025   235.2 م س ل 000008208 01/22/2025 01/22/2025 Books
    Dewey Decimal Classification المجلد الثاني     DR AbdElwahab Library DR AbdElwahab Library 01/22/2025   235.2 م س ل 000008209 01/22/2025 01/22/2025 Books
    Dewey Decimal Classification المجلد الثالث     DR AbdElwahab Library DR AbdElwahab Library 01/22/2025   235.2 م س ل 000008210 01/22/2025 01/22/2025 Books
    Dewey Decimal Classification المجلد الخامس     DR AbdElwahab Library DR AbdElwahab Library 01/22/2025   235.2 م س ل 000008211 01/22/2025 01/22/2025 Books
    Dewey Decimal Classification المجلد الرابع     DR AbdElwahab Library DR AbdElwahab Library 02/24/2025   235.2 م س ل 000010279 02/24/2025 02/24/2025 Books
    Dewey Decimal Classification المجلد السادس     DR AbdElwahab Library DR AbdElwahab Library 02/24/2025   235.2 م س ل 000010280 02/24/2025 02/24/2025 Books
    Dewey Decimal Classification المجلد السابع     DR AbdElwahab Library DR AbdElwahab Library 02/24/2025   235.2 م س ل 000010281 02/24/2025 02/24/2025 Books